| 000 | 00994cab a2200193 4500 | ||
|---|---|---|---|
| 001 | ##L135163 | ||
| 008 | 061002n2006 000 0 eng u | ||
| 035 | _a(Sirsi) u135163 | ||
| 041 | 0 | _aeng | |
| 100 | 1 | _aHyde, Tony | |
| 245 | 0 | 0 | _aFirms must embrace social responsibility |
| 260 | _c2006 | ||
| 490 | 0 |
_aConstruction News _v(6986) 28 September 2006, 13(1) |
|
| 520 | _aEmphasises the importance of contractors incorporating Corporate Social Responsibility (CSR) into every aspect of their work. Key benefits of CSR include gaining a competitive edge, enhancing brand image, increasing staff motivation, and making a contribution to the sustainable future of the company and the industry. Concludes that although CSR is still a voluntary process, this may change if the construction industry fails to embrace the concept. | ||
| 590 | _aIKA171006 | ||
| 651 | 4 |
_aUnited Kingdom _y |
|
| 690 | _aMANAGEMENT-BUSINESS MANAGEMENT-BUSINESS ETHICS-CORPORATE SOCIAL RESPONSIBILITY | ||
| 942 | _n0 | ||
| 999 |
_c77809 _d77809 |
||